书目信息 |
| 题名: |
城乡土地管理制度改革新论
|
|
| 作者: | 胡存智 主编 | |
| 分册: | ||
| 出版信息: | 北京 中国大地出版社 2009.03 |
|
| 页数: | 348页 | |
| 开本: | 20cm | |
| 丛书名: | ||
| 单 册: | ||
| 中图分类: | F321.1 | |
| 科图分类: | ||
| 主题词: | 农业经济--中国 | |
| 电子资源: | ||
| ISBN: | 978-7-80246-189-5 | |
| 000 | 00791nam0 2200205 450 | |
| 001 | 1133493492 | |
| 005 | 20110417091924.30 | |
| 010 | @a978-7-80246-189-5@dCNY30.00 | |
| 100 | @a20110417d2009 km y0chiy0120 ea | |
| 101 | 0 | @achi |
| 102 | @aCN@b110000 | |
| 200 | 1 | @a城乡土地管理制度改革新论@Acheng xiang tu di guan li zhi du gai ge xin lun@e首届城乡土地管理制度改革滨海新区高层论坛论文集@f胡存智主编@Fhu cun zhi zhu bian |
| 210 | @a北京@c中国大地出版社@d2009.03 | |
| 215 | @a348页@d20cm | |
| 517 | 1 | @a首届城乡土地管理制度改革滨海新区高层论坛论文集@Ashou jie cheng xiang tu di guan li zhi du gai ge bin hai xin qu gao ceng lun tan lun wen ji |
| 606 | 0 | @a农业经济@x中国 |
| 690 | @aF321.1@v5 | |
| 701 | 0 | @a胡存智@Ahu cun zhi@4主编 |
| 801 | 0 | @aCN@bNISOFT@c20110417 |
| 905 | @aBZT@dF321.1@e11 | |
| 城乡土地管理制度改革新论:首届城乡土地管理制度改革滨海新区高层论坛论文集/胡存智主编.-北京:中国大地出版社,2009.03 |
| 348页;20cm |
| ISBN 978-7-80246-189-5:CNY30.00 |
| ● |
| 相关链接 |
|
|
|
正题名:城乡土地管理制度改革新论
索取号:F321.1/11
 
预约/预借
| 序号 | 登录号 | 条形码 | 馆藏地/架位号 | 状态 | 备注 |
| 1 | 774528 | 2000774528 | 中心书库北库/ 北库023架A面4列2层10/ [索取号:F321.1/11] | 在馆 | |
| 2 | 774529 | 2000774529 | 中心书库北库/ 北库023架A面4列2层5/ [索取号:F321.1/11] | 在馆 | |
| 3 | 774530 | 2000774530 | 中心书库北库/ 北库023架A面4列2层1/ [索取号:F321.1/11] | 在馆 | |
| 4 | 774531 | 2000774531 | 中心书库北库/ 北库023架A面4列2层2/ [索取号:F321.1/11] | 在馆 | |
| 5 | 774532 | 2000774532 | 中心书库北库/ 北库023架A面4列2层3/ [索取号:F321.1/11] | 在馆 | |
| 6 | 774533 | 2000774533 | 中心书库北库/ 北库023架A面4列2层4/ [索取号:F321.1/11] | 在馆 | |
| 7 | 774534 | 2000774534 | 中心书库北库/ 北库023架A面4列2层6/ [索取号:F321.1/11] | 在馆 | |
| 8 | 774535 | 2000774535 | 中心书库北库/ 北库023架A面4列2层7/ [索取号:F321.1/11] | 在馆 | |
| 9 | 774536 | 2000774536 | 中心书库北库/ 北库023架A面4列2层8/ [索取号:F321.1/11] | 在馆 | |
| 10 | 774537 | 2000774537 | 中心书库北库/ 北库023架A面4列2层9/ [索取号:F321.1/11] | 在馆 |